| 000 | 00770 a2200181 4500 | ||
|---|---|---|---|
| 003 | Nust | ||
| 005 | 20220819084613.0 | ||
| 020 | _a9789350140031 | ||
| 040 | _cNust | ||
| 082 | _a005.26,CHO | ||
| 100 |
_aChopra, Rajiv _998162 |
||
| 245 |
_aSoftware engineering and project management _bConcepts, Principles, Case Studies and experiments (UML) / _cRajiv Chopra, |
||
| 260 |
_aS.K..Kataria & Sons _bDelhi _c2010 |
||
| 300 | _a426 p | ||
| 505 | _aSoftware Product And Process Characteristics (Page-1), Requirements Elicitation (Page-32), Software Design (Page-63). Software Analysis And Testing (Page-110), OOA And OOD (Page-240), Software Maintenance (Page-251), Software Project Management (Page-266). | ||
| 650 | _aProject Management | ||
| 942 |
_2ddc _cBK _k005.26,CHO |
||
| 999 |
_c189281 _d189281 |
||